| 000 | 00358nam a2200133 a 4500 | ||
|---|---|---|---|
| 001 | 000030855 | ||
| 005 | 20200930062542.0 | ||
| 008 | 110602s1925 dr 000 0 spa d | ||
| 040 |
_aDO-SdBNP _bspa _cBNPHU |
||
| 245 | 0 | 0 | _aTarifa de costas judiciales. |
| 260 |
_aSanto Domingo : _bimp. E. M. Casanova N., _c1925. |
||
| 300 |
_a56 p. ; _c24 cm. |
||
| 049 | _aBNPD | ||
| 999 |
_c30347 _d30347 |
||